Most Seasoned SNL Cast Members Slideshow Quiz Stats

 Plays Quiz Updated Feb 13, 2015

Also try: SNL Cast Blitz
Challenge
Share
Tweet
Score 0/25 Timer 08:00
1 Play Today
% Correct
Amy Poehler
86.1%
Seth Meyers
85.4%
Will Ferrell
80.7%
Dana Carvey
76.7%
Maya Rudolph
73.1%
Mike Myers
71.9%
Kenan Thompson
71%
Kristen Wiig
70.2%
Al Franken
66.9%
Kevin Nealon
66.2%
Tracy Morgan
65.9%
Bill Hader
64%
Andy Samberg
62.2%
% Correct
Phil Hartman
62.1%
Fred Armisen
61.4%
Horatio Sanz
60.5%
Darrell Hammond
60.4%
Molly Shannon
60.1%
Tim Meadows
60.1%
Rachel Dratch
56.4%
Jason Sudeikis
56.3%
Chris Kattan
56.2%
Will Forte
49.3%
Chris Parnell
44.2%
Bobby Moynihan
42.9%

You're not logged in!

Compare scores with friends on all Sporcle quizzes.
OR
Log In

You Might Also Like...

Show Comments

Extras

Top Quizzes Today


Score Distribution

Your Account Isn't Verified!

In order to create a playlist on Sporcle, you need to verify the email address you used during registration. Go to your Sporcle Settings to finish the process.

Report this User

Report this user for behavior that violates our Community Guidelines.

Details: